Reversed Canadian Provinces - Statistics

General Stats
  • This quiz has been taken 16 times
    11 since last reset
  • The average score is 6 of 13
Answers on the Map
Answers color-coded by a green-red scale on the quiz's map according to % correct below.
 
Answer Stats
yrotirreT / ecnivorP % Correct
nokuY
86%
abotinaM
71%
cebeuQ
71%
aibmuloC hsitirB
57%
oiratnO
57%
aitocS avoN
43%
atreblA
43%
dnalsI drawdE ecnirP
43%
nawehctaksaS
43%
kciwsnurB weN
29%
rodarbaL dna dnaldnuofweN
29%
seirotirreT tsewhtroN
29%
tuvanuN
14%
No matching quizzes found
Score Distribution
Percent of People with Each Score
Percentile by Number Answered
Your Score History
You have not taken this quiz since the last reset